[Event "NLD-ch U26"]
[Site "Leeuwarden"]
[Date "1995.??.??"]
[Round "7"]
[White "Strating, Sybolt"]
[Black "Reinderman, Dimitri"]
[Result "1/2-1/2"]
[WhiteElo "2310"]
[BlackElo "2440"]

1.d4 f5 2.g3 Nf6 3.Bg2 g6 4.Nf3 Bg7 5.O-O O-O 6.c4 d6 7.Nc3 Qe8 8.Re1 h6
9.b3 g5 10.Nd5 Nxd5 11.cxd5 Qf7 12.Bb2 Nd7 13.Qc2 Nf6 14.Qxc7 Nxd5 15.Qc2 Bd7
16.Rac1 Bc6 17.Nd2 Rac8 18.Bxd5 Qxd5 19.Qc4 b5 20.Qxd5+ Bxd5 21.e3 Kf7 22.Rxc8 Rxc8
23.Rc1 Rxc1+ 24.Bxc1 f4 25.Bb2 fxe3 26.fxe3 g4 27.Bc3 h5 28.Kf2 Bh6 29.Ba5 Bb7
30.Bc7 Ke6 31.Ba5 Kf5 32.Bd8 e5 33.dxe5 dxe5 34.Be7 Be4 35.Ke2 Bg7 36.Bc5 a6
37.Be7 Bc2 38.Bc5 Bf6 39.Bf8 h4 40.gxh4 Bxh4 41.Nf1 Ke4 42.Ng3+ Kd5 43.Kd2 Bb1
44.Ne2 Bg6 45.Nc3+ Ke6 46.Ne2 Bf2 47.Bb4 Be4 48.Bc5 Bf3 49.Bb6 Kd6 50.Ba7 Kc7
51.Bc5 Kc6 52.Bb4 Kd5 53.Nc3+ Kc6 54.Ne2 Bxe2 55.Kxe2 Bg1 56.e4 Bxh2 57.Kf2 Bf4
58.Kg2 Kd7 59.Ba5 Kd6 60.Bb4+ Ke6 61.Ba5 Kf7 62.Bc7 Kg6 63.Bb6 Kh5 64.Bd8 Kh6
65.Bc7 Kg6 66.Bb6 Kf6 67.Bd8+ Ke6 68.Ba5 Kd7 69.Bb4 Kc6 70.Kf2 Kb6 71.Be7 a5
72.Bf8 a4 73.Be7 Ka5 74.Bd6 Ka6 75.Be7 Kb6 76.Bf8 Kc6 77.Bb4 Kc7 78.Ba5+ Kd6
79.Bb4+ Kc6 80.Bf8 g3+ 81.Kf3 Kd7 82.Kg2 Ke6 83.Bb4 Kf6 84.Kh3 Kg5 85.Be7+ Kh5
86.Bd6 Kg6 87.Bc7 Kf6 88.Bd6 Ke6 89.Bb4 Kd7 90.Kg2 Kc6 91.Kf3  1/2-1/2

[Event "GER-ch U20"]
[Site "Leipzig"]
[Date "1995.??.??"]
[Round "7"]
[White "Fuhrmann, Daniel"]
[Black "Hetey, Laszlo"]
[Result "1-0"]
[WhiteElo "2275"]
[BlackElo "2290"]

1.d4 f5 2.Nf3 Nf6 3.g3 g6 4.Bg2 Bg7 5.O-O O-O 6.c4 d6 7.Nc3 Qe8 8.d5 Na6
9.Rb1 c5 10.dxc6 bxc6 11.b4 Bd7 12.a3 h6 13.Bb2 g5 14.Qd3 Nc7 15.b5 cxb5
16.cxb5 Rc8 17.a4 Ne4 18.Nd4 d5 19.Nxe4 fxe4 20.Qb3 e5 21.Nc2 Be6 22.Nb4 d4
23.Qa3 Bc4 24.Bxe4 Bxe2 25.Rfe1 Qh5 26.Nc6 Kh8 27.Ne7 Rce8 28.Ng6+ Kg8 29.Nxf8 Bxf8
30.Qb3+ Kg7 31.Qc2 d3 32.Qxc7+ Re7 33.Bxe5+ Kg8 34.Qc4+  1-0

[Event "Linares zt"]
[Site "Linares"]
[Date "1995.??.??"]
[Round "5"]
[White "Kelly, Bryan"]
[Black "Santo Roman, Marc"]
[Result "1/2-1/2"]
[WhiteElo "2300"]
[BlackElo "2485"]

1.d4 f5 2.Nf3 Nf6 3.g3 g6 4.Bg2 Bg7 5.O-O O-O 6.c4 d6 7.Nc3 Qe8 8.d5 a5 9.Be3 Na6
10.Qd2 Ng4 11.Bf4 Nc5 12.Nd4 h6 13.h3 Ne5 14.Ncb5 Qd8 15.Bxh6 Nxc4 16.Qc1 Ne5
17.Bxg7 Kxg7 18.Nc3 Rf6 19.b3 Nf7 20.Nf3 e5 21.dxe6 Rxe6 22.h4 c6 23.Qf4 Qf6
24.Rac1 Bd7 25.Rfd1 Rae8 26.Rc2 Bc8 27.Nd2 Ne5  1/2-1/2

[Event "Linares zt"]
[Site "Linares"]
[Date "1995.??.??"]
[Round "11"]
[White "Antunes, Antonio"]
[Black "Cacho Reigadas, Sergio"]
[Result "1-0"]
[WhiteElo "2530"]
[BlackElo "2400"]

1.Nf3 f5 2.d4 Nf6 3.g3 g6 4.Bg2 Bg7 5.O-O O-O 6.c4 d6 7.Nc3 Nc6 8.d5 Ne5
9.Nxe5 dxe5 10.c5 Kh8 11.Qb3 h6 12.Rd1 g5 13.Bd2 Rb8 14.Be1 a6 15.Qa3 Qe8
16.d6 c6 17.Na4 Be6 18.Nb6 exd6 19.cxd6 Nd7 20.Nxd7 Qxd7 21.Bc3 Rbe8 22.Qc5 e4
23.f3 Bd5 24.fxe4 fxe4 25.Rf1 Kg8 26.Rad1 Rxf1+ 27.Rxf1 Rf8 28.Rxf8+ Bxf8
29.Qd4 Qxd6 30.Bxe4 Bxe4 31.Qxe4 Bg7 32.Qc4+ Kh7 33.Qf7 Qc5+ 34.e3 Qxe3+
35.Kf1 Qd3+ 36.Ke1 Qe3+ 37.Kd1 Qd3+ 38.Ke1 Qe3+ 39.Kf1 Qd3+ 40.Kf2 Qc2+ 41.Ke3 Qc1+
42.Kd3 Qd1+ 43.Kc4 Qd5+ 44.Qxd5 cxd5+ 45.Kxd5 Bf8 46.g4 Kg6 47.Ke6 Bc5 48.a4 h5
49.h3 Be3 50.Bf6 Bc1 51.b3 Bd2 52.Bd8 a5 53.Ke5 hxg4 54.hxg4 Kg7 55.Ke4 Kg6
56.Kd3 Be1 57.Kc4 Bd2 58.Kb5 Kf7 59.Bxa5 Be3 60.Bb4 b6 61.Bd6  1-0

[Event "Lippstadt"]
[Site "Lippstadt"]
[Date "1995.??.??"]
[Round "5"]
[White "Matthias, Heiner"]
[Black "Mainka, Romuald"]
[Result "1/2-1/2"]
[WhiteElo "2330"]
[BlackElo "2530"]

1.Nf3 f5 2.g3 Nf6 3.Bg2 g6 4.O-O Bg7 5.c4 O-O 6.d4 d6 7.Nc3 Qe8 8.d5 a5 9.Ne1 Na6
10.Nd3 Bd7 11.Bd2 c6 12.Qb3 c5 13.Nf4 Rb8 14.Nb5 b6 15.Bc3 Bxb5 16.cxb5 Nc7
17.Ne6 Nxe6 18.dxe6 Rc8 19.Rad1 c4 20.Qa4 Ne4 21.Bxg7 Kxg7 22.Rd4 Rc5 23.Bxe4 fxe4
24.Rxe4 Qxb5 25.Qc2 Qc6 26.Rh4 Rf6 27.Qc3 Qd5 28.Qe3 h5 29.Re4 b5 30.Rc1 b4
31.Rd4 Qc6 32.Re4 Qd5 33.a3 c3 34.bxc3 Rxc3 35.Rxc3 bxc3 36.Rd4 Qb3 37.Rd3 Rxe6
38.Qd4+ Kh7 39.Rxc3 Qb1+ 40.Kg2 Rxe2 41.Re3 Qb7+ 42.Kg1 Rxe3 43.Qxe3 Qd7
44.a4 e5 45.Qb6 Qxa4 46.Qxd6 Qb4 47.Qc7+ Kg8 48.Qxe5 a4 49.Qe8+ Kg7 50.Qd7+ Kf6
51.Qd8+ Ke5 52.Qg5+ Kd4 53.Qf6+ Kc4 54.Qe6+ Kc3 55.Qe1+  1/2-1/2

[Event "ESP-chJ"]
[Site "Los Barrios"]
[Date "1995.??.??"]
[Round "6"]
[White "Medina Fuentes, S."]
[Black "Ramirez, Juan Manuel"]
[Result "0-1"]
[WhiteElo "2160"]
[BlackElo "2250"]

1.d4 f5 2.Nf3 g6 3.g3 Bg7 4.Bg2 Nf6 5.O-O O-O 6.c4 d6 7.b3 Qe8 8.Bb2 h6 9.Na3 g5
10.e3 f4 11.exf4 gxf4 12.d5 Qh5 13.Nh4 Bg4 14.Bf3 Nbd7 15.Bxg4 Nxg4 16.Bxg7 Kxg7
17.h3 Ngf6 18.Qxh5 Nxh5 19.g4 Nhf6 20.Nf5+ Kh7 21.f3 a6 22.Nc2 Rf7 23.Ncd4 Rg8
24.Kf2 Rc8 25.Ne6 c6 26.dxc6 bxc6 27.Nxf4 Nc5 28.Rad1 Rd8 29.Rfe1 e5 30.Nd3 Ne6
31.c5 e4 32.Ne5 dxe5 33.Rxd8 Nxd8 34.Rd1 Rd7  0-1

[Event "Lvov"]
[Site "Lvov"]
[Date "1995.??.??"]
[Round "3"]
[White "Buturin, Vladimir"]
[Black "Gritsak, Orest"]
[Result "0-1"]
[WhiteElo "2430"]
[BlackElo "2365"]

1.Nf3 g6 2.c4 Bg7 3.d4 f5 4.g3 Nf6 5.Bg2 O-O 6.O-O d6 7.Nc3 Qe8 8.b3 e5 9.dxe5 dxe5
10.e3 Nc6 11.Ba3 Rf7 12.Ng5 Rd7 13.Qe2 e4 14.f3 h6 15.Nh3 exf3 16.Bxf3 Ng4
17.Rac1 Qxe3+ 18.Qxe3 Nxe3 19.Rfe1 Ng4 20.Bd5+ Kh7 21.Re8 Nf6 22.Ree1 Nxd5
23.cxd5 Nd4 24.Red1 b6 25.Nf4 g5 26.Nh5 Bh8 27.Kf2 Kg6 28.g4 fxg4 29.Ng3 Bb7
30.Nce2 Rf7+ 31.Kg1 Nf3+ 32.Kg2 Rd8 33.d6 Nh4+ 34.Kg1 Nf3+ 35.Kg2 cxd6 36.Rxd6+ Rxd6
37.Bxd6 h5 38.Rc7 Nd4+ 39.Kg1 Rxc7 40.Bxc7 h4  0-1

[Event "Capablanca mem-C"]
[Site "Matanzas"]
[Date "1995.??.??"]
[Round "8"]
[White "Valdes, Luis E"]
[Black "Elissalt Cardenas, Hector"]
[Result "1-0"]
[WhiteElo "2340"]
[BlackElo "2380"]

1.d4 f5 2.g3 Nf6 3.Bg2 g6 4.Nf3 Bg7 5.O-O O-O 6.c4 d6 7.Nc3 Nc6 8.d5 Na5
9.Qa4 c5 10.dxc6 bxc6 11.Nd4 Bd7 12.Nxc6 Nxc6 13.Bxc6 Rc8 14.Bb5 Rc7 15.Bd2 Be6
16.Bc6 Bd7 17.Bxd7 Nxd7 18.Nd5 Rb7 19.Rab1 e6 20.Nc3 Nb6 21.Qa6 Qc8 22.b3 Rff7
23.Nb5 Qc6 24.a4 Qd7 25.Rfd1 Bf8 26.Bb4 Nc8 27.c5 Qe8 28.Rbc1 dxc5 29.Bxc5 Bxc5
30.Rxc5 Rfd7 31.Rdc1 Nb6 32.a5 Qd8 33.axb6 Rd1+ 34.Rxd1 Qxd1+  1-0

[Event "Capablanca mem-C"]
[Site "Matanzas"]
[Date "1995.??.??"]
[Round "10"]
[White "Alonso, Rene"]
[Black "Elissalt Cardenas, Hector"]
[Result "1/2-1/2"]
[WhiteElo "2380"]
[BlackElo "2380"]

1.d4 f5 2.g3 Nf6 3.Bg2 g6 4.Nf3 Bg7 5.O-O O-O 6.c4 d6 7.d5 Na6 8.Nc3 Nc5
9.Be3 Nfe4 10.Nxe4 Nxe4 11.Bd4 Bh6 12.e3 c5 13.dxc6 bxc6 14.b3 c5 15.Bb2 Bb7
16.Nd2 Qd7 17.Nxe4 fxe4 18.Qc2 Qe6 19.Qc3 Rf6 20.Qa5 Rf7 21.Qc7  1/2-1/2

[Event "Capablanca mem-C"]
[Site "Matanzas"]
[Date "1995.??.??"]
[Round "12"]
[White "Alonso, Rene"]
[Black "Valdes, Luis E"]
[Result "1/2-1/2"]
[WhiteElo "2380"]
[BlackElo "2340"]

1.Nf3 f5 2.g3 Nf6 3.Bg2 g6 4.O-O Bg7 5.c4 O-O 6.d4 d6 7.Nc3 Qe8 8.d5 Na6
9.Rb1 Nc5 10.Be3 e5 11.dxe6 Bxe6 12.Nd5 Bxd5 13.cxd5 Nfe4 14.Nd2  1/2-1/2

[Event "Mlada Boleslav op"]
[Site "?"]
[Date "1995.??.??"]
[Round "?"]
[White "Vaulin, Alexander"]
[Black "Potapov, Alexander"]
[Result "0-1"]
[WhiteElo "2490"]
[BlackElo "2375"]

1.c4 f5 2.Nf3 Nf6 3.g3 g6 4.Bg2 Bg7 5.O-O O-O 6.d4 d6 7.Nc3 Qe8 8.d5 a5 9.Nd4 Na6
10.b3 Bd7 11.Bb2 Rc8 12.Qd2 Nc5 13.Rac1 c6 14.Rfd1 Qf7 15.Ba1 h6 16.f4 Kh7
17.Rf1 e5 18.dxe6 Nxe6 19.Na4 Rfe8 20.Nb6 Rcd8 21.Rfe1 Nc5 22.Qxa5 Ng4 23.Nc2 g5
24.Bxg7 Qxg7 25.Nxd7 Rxd7 26.Qd2 Ne4 27.Bxe4 Rxe4 28.e3 h5 29.Nd4 gxf4 30.Nxf5 Qe5
31.Nh4 fxg3 32.Nf3 gxh2+ 33.Kh1 Qf5 34.Rf1 Rxe3 35.Qc2 Qxc2 36.Rxc2 Rg7 37.Nxh2 Ne5
38.Rd2 Rg6 39.Rg1 Rd3 40.Re2 b6 41.Rxg6 Kxg6 42.Kg2 h4 43.Nf1 h3+ 44.Kg1 Kg5
45.Nd2 Rxd2  0-1

[Event "Mondariz"]
[Site "Mondariz"]
[Date "1995.??.??"]
[Round "9"]
[White "Estremera Panos, Sergio"]
[Black "Permuy, Carlos"]
[Result "0-1"]
[WhiteElo "2350"]
[BlackElo "2350"]

1.d4 f5 2.g3 Nf6 3.Bg2 g6 4.Nf3 Bg7 5.O-O O-O 6.c4 d6 7.d5 c6 8.Nd4 Qb6 9.Nb3 a5
10.Be3 Qa6 11.Na3 Bd7 12.h3 c5 13.Qd3 Qb6 14.Nb5 a4 15.Nd2 Na6 16.Nb1 Nb4
17.Qd1 Bxb5 18.cxb5 Qxb5 19.Nc3 Qe8 20.a3 Na6 21.Nxa4 b5 22.Nc3 b4 23.axb4 Nxb4
24.Qd2 Qf7 25.Ra3 Nd7 26.Rfa1 Rab8 27.Na4 h6 28.h4 Ne5 29.Rc1 Ng4 30.Bf4 Bd4
31.e3 Bg7 32.Nc3 Kh7 33.Ra7 Be5 34.Ne2 Ra8 35.Rca1 Rxa7 36.Rxa7 Rb8 37.Bxe5 Nxe5
38.Nf4 Qe8 39.b3 Ra8 40.Rxa8 Qxa8 41.Qd1 Qa2 42.Bh3 Kg7 43.h5 g5 44.Bxf5 gxf4
45.gxf4 Nf7 46.Qg4+ Kh8 47.Bg6 Qa1+ 48.Kh2 Qf6 49.e4 Nd3 50.e5 Ndxe5 51.fxe5 Qxf2+
52.Qg2 Qxg2+ 53.Kxg2 Nxe5 54.Be4 Kg7 55.Kg3 Nd7 56.Kf4 Kf6 57.Bf5 Nb6 58.Be4 e6
59.dxe6 Kxe6 60.Bf5+ Kf6 61.Be4 Nc8 62.Bf3 Ne7 63.Bg2 Ke6 64.Bf3 Kd7 65.Ke4 Kc7
66.Kd3 d5 67.Kc3 Kd6 68.b4 cxb4+ 69.Kxb4 Ke5 70.Kc3 Kf4 71.Bd1 Ke3 72.Bg4 d4+
73.Kc2 Nd5 74.Kd1 Nf6  0-1

[Event "Montreal op"]
[Site "Montreal"]
[Date "1995.??.??"]
[Round "2"]
[White "Moussa, Alaa Eddine"]
[Black "Ross, David"]
[Result "1/2-1/2"]
[WhiteElo "2205"]
[BlackElo "2350"]

1.d4 f5 2.c4 Nf6 3.Nf3 g6 4.g3 Bg7 5.Bg2 O-O 6.O-O d6 7.b3 Qe8 8.Bb2 c6 9.Nc3 Na6
10.Ba3 Rb8 11.Rc1 h6 12.h3 b5 13.cxb5 cxb5 14.b4 Bb7 15.Qb3+ Qf7 16.Rfd1 Qxb3
17.axb3 Nc7 18.Nh4 Bxg2 19.Kxg2 Kf7 20.Nf3 Nfd5 21.Nxd5 Nxd5 22.Rc6 Rfc8
23.Rdc1 Rxc6 24.Rxc6 Ke6 25.e3 Bf6 26.Ne1 Kd7 27.Rc1 Rb6 28.Nd3 Ra6 29.Ra1 Rc6
30.Rc1 Rb6 31.Bb2 Rb7 32.Kf3 h5 33.h4 Bg7 34.Ke2 Bh6 35.Kd2 Rb6 36.Ra1 a6
37.Rc1 Rb8 38.Ra1 Ra8 39.Ke2 e6 40.Kd2 Kc6 41.Rc1+ Kb7 42.Ba3 Re8 43.Bb2 Rg8
44.Ke2 Bf8 45.Rh1 Be7 46.Ba1 Kc6 47.Rc1+ Kd7 48.Bb2 Nf6 49.Ra1  1/2-1/2

[Event "Montreal op"]
[Site "Montreal"]
[Date "1995.??.??"]
[Round "4"]
[White "Mikanovic, Goran"]
[Black "Leveille, Francois"]
[Result "1/2-1/2"]
[WhiteElo "2275"]
[BlackElo "2360"]

1.d4 f5 2.g3 Nf6 3.Bg2 g6 4.Nf3 Bg7 5.O-O O-O 6.c4 d6 7.d5 Na6 8.Nc3 Qe8
9.Rb1 Bd7 10.b4 c6 11.dxc6 bxc6 12.b5 Nc7 13.Nd4 c5 14.Nc6 Kh8 15.Bb2 g5
16.Nd5 Ncxd5 17.cxd5 f4 18.Qd3 Bg4 19.e4 c4 20.Qxc4 f3 21.Bh1 e5 22.dxe6 Bxe6
23.Qd3 g4 24.a4 Ba2 25.Ra1 Qe6 26.Rfe1 Bc4 27.Nd4 Qf7 28.Qd2 d5 29.Nf5 Nxe4
30.Rxe4 Qxf5 31.Bxg7+ Kxg7 32.Qd4+ Qf6 33.Rxg4+ Kh8 34.h4 Qxd4 35.Rxd4 Rae8
36.Ra3 Re1+ 37.Kh2 Be2 38.Rf4 Rxf4 39.gxf4 d4 40.Bxf3 Bxf3 41.Rxf3 Ra1 42.Rb3 Rxa4
43.Kg3 Kg7 44.Kg4 Kf6 45.b6 axb6 46.Rxb6+ Ke7 47.Kf3 d3 48.Rb7+ Ke6 49.Rb6+ Ke7
50.Ke3 d2 51.Rb1 Kf6 52.h5 Rb4 53.Rd1 Rb3+ 54.Ke2 Rh3  1/2-1/2

[Event "Moscow op"]
[Site "Moscow"]
[Date "1995.??.??"]
[Round "2"]
[White "Mukhaev, Aleksander"]
[Black "Galdunts, Sergey"]
[Result "0-1"]
[WhiteElo "2345"]
[BlackElo "2475"]

1.d4 f5 2.g3 Nf6 3.Bg2 g6 4.c4 Bg7 5.Nf3 O-O 6.O-O d6 7.Nc3 Qe8 8.d5 Na6
9.Rb1 c5 10.dxc6 bxc6 11.b4 Bd7 12.a3 Nc7 13.Bb2 Rb8 14.Nd4 e5 15.Nb3 Qe7
16.Na5 e4 17.Qd2 Rfd8 18.Rfd1 Be8 19.e3 Ng4 20.Ne2 Bxb2 21.Rxb2 Ne5 22.Qc3 Ne6
23.Nd4 Ng5 24.h4 Ngf7 25.b5 c5 26.Ndc6 Nxc6 27.bxc6 Rxb2 28.Qxb2 Ne5 29.Qd2 Rc8
30.Qxd6 Qxd6 31.Rxd6 Nxc6 32.Nxc6 Bxc6 33.h5 Kf7 34.hxg6+ Ke7 35.Rd2 hxg6
36.Rb2 Rd8 37.Bf1 Rd1 38.Kg2 Ra1 39.Rb3 g5 40.Be2 g4 41.Bf1 Kd6 42.Be2 Kc7
43.Bf1 Ba4 44.Rb2 Rxa3 45.Be2 a5 46.Rd2 Ra1 47.Rd5 Re1 48.Bf1 Kb6 49.Rxf5 Bd1
50.Rf6+ Kc7 51.Rf7+ Kd6 52.f4 Rxe3 53.Rf6+ Ke7 54.Rf5 Bf3+ 55.Kf2 Rb3 56.Rxc5 e3+
57.Kg1 a4 58.Re5+ Kf6 59.c5 a3 60.c6 Bxc6  0-1

[Event "Moscow-ch op"]
[Site "Moscow"]
[Date "1995.??.??"]
[Round "3"]
[White "Rychagov, Andrei"]
[Black "Rustemov, Alexander"]
[Result "1/2-1/2"]
[WhiteElo "2310"]
[BlackElo "2475"]

1.d4 f5 2.g3 Nf6 3.Bg2 g6 4.Nf3 Bg7 5.O-O O-O 6.c4 d6 7.Nc3 Nc6 8.d5 Na5
9.Qd3 c5 10.b3 a6 11.Bb2 Rb8 12.Nd2 Bd7 13.a3 Ng4 14.Qc2 b5 15.cxb5 axb5
16.b4 cxb4 17.axb4 Nc4 18.Nxc4 bxc4 19.Nd1 Bxb2 20.Nxb2 Ne5 21.Qc3 g5 22.Rac1 Bb5
23.Qd4 f4 24.Nd1 Qb6 25.Qa1 Be8 26.Nc3 Bh5 27.Rb1 Bxe2 28.Nxe2 f3 29.Nd4 fxg2
30.Kxg2 Ra8 31.Qc3 Qb7 32.Nc6 Nxc6 33.dxc6 Qxc6+ 34.Kg1 Rab8 35.Qe3  1/2-1/2

[Event "Moscow PCA-Intel qual"]
[Site "Moscow"]
[Date "1995.??.??"]
[Round "7"]
[White "Notkin, Maksim"]
[Black "Malaniuk, Vladimir P"]
[Result "1/2-1/2"]
[WhiteElo "2485"]
[BlackElo "2615"]

1.d4 f5 2.Nf3 Nf6 3.g3 g6 4.Bg2 Bg7 5.O-O O-O 6.c4 d6 7.Nc3 Qe8 8.d5 a5 9.Nd4 Na6
10.e3 Bd7 11.b3 Rb8 12.Rb1 c6 13.a3 Nc5 14.Bb2 Nce4 15.Nde2 Qf7 16.Nxe4 Nxe4
17.Bxg7 Qxg7 18.dxc6 bxc6 19.Qc2 c5 20.Bxe4 fxe4 21.Qxe4 Qf7 22.Qg2 a4 23.bxa4 Qxc4
24.Nf4 Bf5 25.Rxb8 Rxb8 26.Qc6 g5 27.Nd5 Bh3 28.Re1 Kf7 29.Nc7 Qe2 30.Qe8+ Rxe8
31.Rxe2 Rb8 32.Nb5 d5 33.Rc2 c4 34.f3 Bf5 35.e4 dxe4 36.fxe4 Bxe4 37.Rxc4 Bd5
38.Rc5 e6 39.a5 Kg6 40.a6 Rb6 41.Nc7 Rb1+ 42.Kf2 Rb2+ 43.Ke3 Rb3+ 44.Kd4 Rxa3
45.Nxd5 exd5 46.Kxd5  1/2-1/2

[Event "Moscow op"]
[Site "Moscow"]
[Date "1995.??.??"]
[Round "9"]
[White "Skomorokhin, Roman"]
[Black "Rustemov, Alexander"]
[Result "0-1"]
[WhiteElo "2465"]
[BlackElo "2450"]

1.d4 g6 2.Nf3 Bg7 3.c4 f5 4.g3 Nf6 5.Bg2 O-O 6.O-O d6 7.Nc3 Nc6 8.d5 Na5
9.Qd3 c5 10.Nd2 Bd7 11.Rb1 a6 12.a3 Qc7 13.b3 Rab8 14.Bb2 b5 15.Ba1 Ng4 16.Qc2 f4
17.h3 Ne5 18.gxf4 Rxf4 19.e3 Rh4 20.f4 Nf7 21.Nf3 Rh5 22.Ne2 Bxa1 23.Rxa1 bxc4
24.bxc4 Bf5 25.e4 Bxh3 26.Ng3 Rh6 27.Rab1 Rxb1 28.Rxb1 Bg4 29.Ng5 Bd7 30.Bf1 Rh4
31.Qd2 Nxg5 32.fxg5 Qd8 33.Be2 e5 34.dxe6 Bxe6 35.Rd1 Nc6 36.Qxd6 Qxd6 37.Rxd6 Nd4
38.Bd1 Bxc4 39.Rd8+ Kf7 40.Rc8 Ne6 41.Kg2 Ke7 42.Rc6 Bb5 43.Rc8 Kd7 44.Ra8 Nxg5
45.Bc2 Rf4 46.a4 Bc4 47.Rb8 Kc7 48.Re8 Kd7 49.Rb8 Rf3 50.Bd1 Ra3 51.Bg4+ Kd6
52.Re8 Ra2+ 53.Kh1 h5 54.e5+ Kc6 55.Rc8+ Kd5 56.e6 Nxe6  0-1

[Event "JUG-chT"]
[Site "Nis"]
[Date "1995.??.??"]
[Round "?"]
[White "Popovic, Djordje"]
[Black "Stamenkovic, Zoran"]
[Result "1-0"]
[WhiteElo "2270"]
[BlackElo "2415"]

1.d4 f5 2.c4 Nf6 3.g3 g6 4.Bg2 Bg7 5.Nf3 O-O 6.O-O d6 7.Nc3 Nc6 8.d5 Ne5
9.Nxe5 dxe5 10.e4 f4 11.b4 g5 12.Re1 g4 13.Bb2 f3 14.Bf1 h5 15.Rc1 h4 16.Rc2 Nh7
17.Bc1 a6 18.Be3 Qe8 19.Qc1 Qh5 20.Nd1 Rf6 21.c5 Bd7 22.Kh1 Raf8 23.Qb2 Bh6
24.Bxh6 Rxh6 25.Ne3 Ng5 26.Nf5 Rxf5 27.exf5 Bxf5 28.Rc4 hxg3 29.fxg3 Qg6
30.Rxe5 f2 31.Qxf2 Nf3 32.Rxf5 Qxf5 33.h4 Rf6 34.Rf4 Qxd5 35.Rxg4+ Kh8 36.Bc4 Qd1+
37.Qf1 Ne1 38.Qe2 Qxe2 39.Bxe2 Rf2 40.Re4 Nc2 41.Rxe7 Nd4 42.Bh5 Nf5 43.Kg1 Rb2
44.Rxc7 Nxg3 45.Rxb7 Nxh5 46.Ra7 Rxa2 47.c6  1-0

[Event "NLD-chT9596"]
[Site "?"]
[Date "1995.??.??"]
[Round "?"]
[White "Vanderstricht, Geert"]
[Black "Posazhennikov, A."]
[Result "0-1"]
[WhiteElo "2175"]
[BlackElo "2205"]

1.d4 f5 2.g3 Nf6 3.Bg2 g6 4.Nf3 Bg7 5.O-O O-O 6.c4 d6 7.Nc3 c6 8.d5 e5 9.dxe6 Bxe6
10.Bf4 Bxc4 11.Bxd6 Re8 12.Ne5 Be6 13.Qd3 Nbd7 14.Nxd7 Qxd7 15.Rad1 Rad8
16.Qc2 Qf7 17.Qa4 Nd5 18.Nxd5 Bxd5 19.Bxd5 cxd5 20.Ba3 Rxe2 21.Qxa7 f4 22.Qb6 Rd7
23.Rfe1 Rxe1+ 24.Rxe1 d4 25.gxf4 d3 26.Qe3 Bh6 27.Bb4 Bxf4 28.Qe8+ Qxe8 29.Rxe8+ Kg7
30.Re1 Kf6 31.Rd1 Ke5 32.f3 Be3+ 33.Kg2 Kf4 34.Be1 g5 35.h3 h5 36.Bg3+ Kf5
37.Be1 g4 38.hxg4+ hxg4 39.Bg3 d2 40.Bf2 Bf4 41.Bg1 Re7 42.Bf2 Re2 43.fxg4+ Ke4
44.Kf1 Kf3 45.Be1  0-1

[Event "NOR-ch"]
[Site "?"]
[Date "1995.??.??"]
[Round "9"]
[White "Ogaard, Leif"]
[Black "Ostenstad, Berge"]
[Result "1/2-1/2"]
[WhiteElo "2415"]
[BlackElo "2485"]

1.d4 f5 2.g3 Nf6 3.Bg2 g6 4.c4 Bg7 5.Nf3 O-O 6.O-O d6 7.Nc3 Na6 8.b3 c6 9.Bb2 Qe8
10.Re1 h6 11.e4 fxe4 12.Nxe4 Qf7 13.Qd2 Bg4 14.h3 Bf5 15.Nxf6+ Qxf6 16.Nh4 e6
17.Re3 Nc7 18.Bc3 d5 19.Nf3 Rad8 20.c5 g5 21.Ba5 Rc8 22.Ne5 Qe7 23.Bxc7 Qxc7
24.Rae1 Rce8 25.b4 a5 26.bxa5 Ra8 27.Ra3 Ra7 28.Bf1 Rfa8 29.a6 Be4 30.Nc4 Rxa6
31.Rxa6 Rxa6 32.Nd6 Ra4 33.Nxe4 Rxd4 34.Qc2 dxe4 35.Rxe4 Rxe4 36.Qxe4 Kf7
37.Be2 Qe5 38.Bh5+ Ke7 39.Qg6 Kd8 40.Qe8+ Kc7 41.Qe7+  1/2-1/2

[Event "Novgorod op"]
[Site "Novgorod"]
[Date "1995.??.??"]
[Round "5"]
[White "Levin, Felix"]
[Black "Dukhov, Alexander"]
[Result "1-0"]
[WhiteElo "2490"]
[BlackElo "2340"]

1.d4 f5 2.g3 Nf6 3.Bg2 g6 4.Nf3 Bg7 5.O-O O-O 6.c4 d6 7.Nc3 c6 8.d5 e5 9.dxe6 Bxe6
10.Qd3 Kh8 11.Bf4 Na6 12.Ng5 Bg8 13.Bxd6 Re8 14.Rad1 Nd7 15.Nf3 Qf6 16.Bf4 Ndc5
17.Qc2 Bxc4 18.Bg5 Qf7 19.b3 Be6 20.Nd4 Bd7 21.Bc1 Rad8 22.e3 Bc8 23.Ba3 Ne6
24.Nce2 Nac7 25.Bb2 Ng5 26.Nf3 Nxf3+ 27.Bxf3 Ne6 28.h4 Bf6 29.b4 Kg7 30.Bxf6+ Qxf6
31.a4 h6 32.b5 c5 33.Nc3 b6 34.Nd5 Qe5 35.Bg2 Kh7 36.h5 Nf8 37.hxg6+ Nxg6
38.f4 Qg7 39.e4 Rf8 40.e5 Be6 41.Nf6+ Kh8 42.Kf2 Ne7 43.Rh1 Ng8 44.Nxg8 Kxg8
45.Rd2 Qe7 46.Rhd1 Rxd2+ 47.Qxd2 Rc8 48.Bd5 c4 49.Bxe6+ Qxe6 50.Qc3 Qf7 51.Rd6 Qh5
52.Kg1 Qe2 53.e6 Rc7 54.Rd8+ Kh7 55.Qh8+  1-0

[Event "Novosibirsk"]
[Site "Novosibirsk"]
[Date "1995.??.??"]
[Round "1"]
[White "Ruban, Vadim"]
[Black "Vyzmanavin, Alexey"]
[Result "0-1"]
[WhiteElo "2535"]
[BlackElo "2605"]

1.d4 f5 2.g3 Nf6 3.Bg2 g6 4.Nf3 Bg7 5.O-O O-O 6.c4 d6 7.b3 Nc6 8.Bb2 Ng4
9.Nc3 f4 10.Nd5 fxg3 11.hxg3 Bf5 12.Qd2 Bh6 13.Qe1 Bd7 14.Nc3 Qe8 15.Nb5 Qc8
16.d5 Nd8 17.e4 e5 18.dxe6 Nxe6 19.Qe2 Re8 20.Rad1 Nc5 21.Nfd4 Nf6 22.Nc3 a5
23.Qc2 Bg7 24.Rfe1 c6 25.a3 Bg4 26.f3 Bh3 27.b4 axb4 28.axb4 Bxg2 29.Kxg2 Ne6
30.Nxe6 Qxe6 31.Ne2 Ra2 32.Ra1 Rea8 33.Rxa2 Rxa2 34.Ra1 Ng4 35.fxg4 Rxb2
36.Ra8+ Kf7 37.Qd3 Qxg4 38.Kf2 Be5 39.Ke1 Qh5 40.Ng1 Qh1 41.Qf1+ Bf6 42.Rf8+ Kxf8
43.Qxf6+ Kg8 44.Qe6+ Kg7 45.Qe7+ Kh6 46.Qf8+ Kh5  0-1

[Event "CZE-ch"]
[Site "Olomouc"]
[Date "1995.??.??"]
[Round "?"]
[White "Biolek, Richard"]
[Black "Sluka, Radek"]
[Result "0-1"]
[WhiteElo "2455"]
[BlackElo "2310"]

1.c4 f5 2.Nf3 Nf6 3.g3 g6 4.Bg2 Bg7 5.O-O O-O 6.d4 d6 7.b3 c6 8.Bb2 h6 9.Nbd2 Qe8
10.Qc2 Na6 11.Rad1 g5 12.Ne1 Qh5 13.Nd3 Bd7 14.e3 Nc7 15.Rde1 Ng4 16.h3 Nf6
17.f3 Rae8 18.b4 Qg6 19.Qb1 Nh5 20.Kh2 f4 21.g4 Ng3 22.Rf2 Qf7 23.e4 Ra8
24.a4 b5 25.axb5 cxb5 26.c5 a5 27.d5 a4 28.Bxg7 Qxg7 29.Qa1 Rfc8 30.Qxg7+ Kxg7
31.Nb1 Na6 32.c6 Be8 33.Nc3 Nc7 34.Rc1 Bf7 35.Rd2 Rd8 36.Ne1 e6 37.dxe6 Bxe6
38.Nc2 a3 39.Nd4 Bc4 40.Nd5 Bxd5 41.exd5 Kf6 42.Ra1 Ra4 43.Nc2 a2 44.Nd4 Rda8
45.Nc2 Re8 46.Nd4 Rxb4 47.Raxa2 Ra4 48.Rab2 b4 49.Nc2 Rb8 50.Rd4 Ke5 51.Rb1 Rb5
52.Re1+ Kf6 53.Ne3 fxe3 54.f4 Ra2 55.Kxg3 b3 56.fxg5+ hxg5 57.Rdd1 e2 58.Rc1 Rc2
59.Rb1 Ke5 60.Kf2 Kd4 61.Bf3 Nxd5 62.Bxd5 Kxd5 63.c7 Rxc7 64.Rxe2 Rc3 65.Rd2+ Kc5
66.Ke2 d5 67.Rbd1 Kd6 68.Rh1 b2 69.Rb1 Rxh3 70.Rc2 Rh2+ 71.Kd3 Rb3+  0-1

[Event "Orense op"]
[Site "Orense"]
[Date "1995.??.??"]
[Round "9"]
[White "Gomez Esteban, Juan Mario"]
[Black "Minzer, Claudio Javier"]
[Result "1/2-1/2"]
[WhiteElo "2440"]
[BlackElo "2385"]

1.d4 f5 2.g3 Nf6 3.Bg2 g6 4.Nf3 Bg7 5.O-O O-O 6.c4 d6 7.Nc3 Nc6 8.d5 Ne5
9.Nxe5 dxe5 10.c5 h6 11.Qb3 Kh8 12.Re1  1/2-1/2

[Event "Pardubice op"]
[Site "Pardubice"]
[Date "1995.??.??"]
[Round "?"]
[White "Grabarczyk, Miroslaw"]
[Black "Plesek, Jiri"]
[Result "1-0"]
[WhiteElo "2445"]
[BlackElo "2330"]

1.d4 f5 2.c4 Nf6 3.Nf3 g6 4.g3 Bg7 5.Bg2 O-O 6.O-O d6 7.Nc3 Nc6 8.d5 Ne5
9.Qb3 Nxf3+ 10.exf3 e5 11.dxe6 Bxe6 12.Be3 Qd7 13.Rfd1 b6 14.f4 Rae8 15.Bd4 a5
16.Rac1 Qf7 17.Nd5 Bxd5 18.cxd5 Ne4 19.Be3 Re7 20.Qc2 Nf6 21.Bf3 Ne8 22.b3 Bf6
23.Qd2 Qg7 24.Rc2 h6 25.Rdc1 Rff7 26.Be2 Kf8 27.Bb5 Kg8 28.a3 h5 29.h4 Re4
30.b4 axb4 31.axb4 Kh7 32.Qd3 Ree7 33.Rc4 Bb2 34.R1c2 Bf6 35.Kg2 Kh6 36.Qd1 Kh7
37.Qc1 Kh6 38.Bxe8 Rxe8 39.Rxc7 Ree7 40.Rxe7 Rxe7 41.Qd2 b5 42.Rc6 Re4 43.Rxd6 Bc3
44.Qd3 Bxb4 45.Rb6 Bc3 46.Qxb5 Rb4 47.Qc6 Rxb6 48.Bxb6  1-0

[Event "Passau op"]
[Site "Passau"]
[Date "1995.??.??"]
[Round "?"]
[White "Farago, Ivan"]
[Black "Danner, Georg"]
[Result "1-0"]
[WhiteElo "2515"]
[BlackElo "2440"]

1.d4 f5 2.g3 Nf6 3.Bg2 g6 4.Nf3 Bg7 5.O-O O-O 6.c4 d6 7.Nc3 Nc6 8.d5 Ne5
9.Nxe5 dxe5 10.Qb3 h6 11.Rd1 g5 12.c5 Kh8 13.Bd2 a6 14.Be1 Qe8 15.d6 c6 16.Na4 Rb8
17.Nb6 e6 18.e4 Bd7 19.Bc3 Nxe4 20.Bxe4 fxe4 21.Re1 Rf3 22.Qc2 Qf7 23.Rxe4 Rf8
24.Rf1 Be8 25.Bxe5 Qf5 26.Bxg7+ Kxg7 27.Re2 Rd3 28.Re3 Rxe3 29.Qxf5 Rxg3+
30.fxg3 exf5 31.Re1 Bh5 32.Re7+ Kg6 33.Rxb7 f4 34.gxf4 Bg4 35.d7 Kh5 36.Rc7 Bh3
37.Kf2 Rxf4+ 38.Ke3 Bxd7 39.Rxd7 Rh4 40.Rd2 Rh3+ 41.Ke4 g4 42.Nd7 Kg5 43.Ne5 h5
44.Nxc6 h4 45.Ne5  1-0

[Event "World op"]
[Site "Philadelphia"]
[Date "1995.??.??"]
[Round "6"]
[White "Schwartzman, Gabriel"]
[Black "Dunne, Alex"]
[Result "1-0"]
[WhiteElo "2520"]
[BlackElo "2285"]

1.c4 f5 2.d4 Nf6 3.g3 g6 4.Bg2 Bg7 5.Nf3 O-O 6.O-O d6 7.Nc3 Qe8 8.d5 Na6
9.Rb1 Nc5 10.b4 Nce4 11.Nb5 Qd8 12.Bb2 c6 13.dxc6 bxc6 14.Nbd4 Qb6 15.Qb3 Kh8
16.a4 e5 17.a5 Qc7 18.Nc2 Be6 19.Na3 Rab8 20.Qa4 g5 21.Rbd1 Qb7 22.b5 cxb5
23.cxb5 Qf7 24.Rc1 g4 25.Nh4 Nd2 26.Rfd1 Bh6 27.Qb4 Nfe4 28.e3 Nb3 29.Rc2 Rbc8
30.Rxc8 Bxc8 31.Nc4 Nxf2 32.Kxf2 f4 33.exf4 Bxf4 34.gxf4 Qxf4+ 35.Kg1 Qf2+
36.Kh1 Nd4 37.Bxd4  1-0

[Event "Polanica Zdroj op"]
[Site "Polanica Zdroj"]
[Date "1995.??.??"]
[Round "3"]
[White "Grabarczyk, Miroslaw"]
[Black "Przedmojski, Rafal"]
[Result "1/2-1/2"]
[WhiteElo "2445"]
[BlackElo "2315"]

1.d4 f5 2.Nf3 Nf6 3.g3 g6 4.Bg2 Bg7 5.O-O O-O 6.c4 d6 7.Nc3 Nc6 8.d5 Ne5
9.Qb3 Kh8 10.Nd4 Nh5 11.f4 Nd3 12.exd3 Bxd4+ 13.Kh1 e5 14.dxe6 c6 15.Bd2 Re8
16.Ne2 Bg7 17.Bc3 Qc7 18.Nd4 Bxe6 19.Rae1 Bg8 20.Nf3 Nf6 21.h3  1/2-1/2